[Event "XVI Festival Magistrale"]
[Site "Arco ITA"]
[Date "1992.09.??"]
[Round "?"]
[White "Crea, Vincenzo"]
[Black "Cassai, Paolo"]
[WhiteElo "2072"]
[BlackElo "2265"]
[Result "1-0"]
[PlyCount "53"]
[EventDate "1992.09.26"]

1. d4 Nf6 2. Nf3 g6 3. Bf4 Bg7 4. e3 d6 5. h3 O-O 6. Be2 Nbd7 7. O-O Re8 8. Bh2
e6 9. c4 Ne4 10. Nfd2 Nxd2 11. Qxd2 Qe7 12. Nc3 a6 13. b4 e5 14. Nd5 Qd8 15.
Rfd1 e4 16. Rdc1 c6 17. Nc3 Qe7 18. c5 d5 19. a4 Qf6 20. Ra2 g5 21. b5 a5 22.
Rb2 Nf8 23. bxc6 bxc6 24. Rb6 g4 25. hxg4 Ne6 26. Rxc6 Qg5 27. Qd1 1-0